Open Data Biblioteca Nacional de Portugal


República Portuguesa: Ministério da Cultura
Biblioteca Nacional de Portugal

Catálogo da BNP: acesso por Identificadores Unívocos
Registos Bibliográficos associados ao registo de autoridade

Etiqueta de registo: 00254nam 2200025 450
001 2287395
003 http://id.bnportugal.gov.pt/bib/catbnp/2287395
010 ## $a978-989-33-9036-8
021 ## $aPT$b558587/25
100 ## $a20260602d2025 m y0pory01030103ba
101 0# $apor$aeng
102 ## $aPT
105 ## $ay z 000yy
106 ## $ar
200 1# $aRealismo fantástico$dFantastic realism$fRosândela Rennó$gfot. Rosângela Rennó, Beni Conrad$gtexto Ângela Berlinde$gtrad. Catarina Aleixo$zeng
210 #9 $a[S.l.]$cAccordia*Books,$dD.L. 2025
215 ## $a1 v.$cil.$d18 cm
305 ## $aEd. bilingue em português e inglês
700 #1 $aRennó,$bRosândela $31999889
702 #1 $aConrad,$bBeni $4600$31999890
702 #1 $aBerlinde,$bÂngela $4070$31999893
702 #1 $aAleixo,$bCatarina Chase$4730$31216516
801 #0 $aPT$bBN$gRPC
966 ## $lBN$mFGMON$x1
966 ## $lBN$mFGMON$x1
971 ## $cjbeatriz$d20260602

OpendataBNP@bnportugal.pt | Mais informação sobre acesso aos dados BNP